[Event "Omsk op 02"]
[Site "Omsk"]
[Date "2014.02.03"]
[Round "1"]
[White "Kislova, Valentina"]
[Black "Petrenko, Mikhail"]
[Result "1-0"]
[WhiteElo "2010"]
[BlackElo "1675"]
[PlyCount "63"]
[EventDate "2014.02.03"]
[EventType "swiss"]
[EventRounds "9"]
[EventCountry "RUS"]
[SourceTitle "EXT 2016"]
[Source "ChessBase"]
[SourceDate "2015.10.08"]
[SourceVersion "1"]
[SourceVersionDate "2015.10.08"]
[SourceQuality "1"]

1. f4 c5 2. Nf3 d6 3. b3 Nf6 4. Bb2 e6 5. e3 Be7 6. Be2 a6 7. a4 Nc6 8. 0-0 Rb8 9. Na3 b6 10. h3 Bb7 11. Kh2 h5 12. g3 Qc7 13. Qe1 Nb4 14. c3 Nbd5 15. Kg1 Qc6 16. Nc4 Nc7 17. d3 Ng4 18. e4 d5 19. hxg4 dxc4 20. Ne5 Qd6 21. Nxc4 Qc6 22. Ne5 Qd6 23. gxh5 b5 24. axb5 axb5 25. Qf2 f6 26. Ng6 Rh6 27. Nxe7 Kxe7 28. Rfd1 Qc6 29. Bf3 Rbh8 30. Ra7 Qb6 31. Rda1 Na6 32. R1xa6 1-0

[Event "Omsk op 12"]
[Site "Omsk"]
[Date "2013.12.12"]
[Round "8"]
[White "Kislova, Valentina"]
[Black "Silchenko, Stepan"]
[Result "1-0"]
[WhiteElo "2024"]
[BlackElo "1621"]
[PlyCount "57"]
[EventDate "2013.12.01"]
[EventType "swiss"]
[EventRounds "9"]
[EventCountry "RUS"]
[SourceTitle "EXT 2016"]
[Source "ChessBase"]
[SourceDate "2015.10.08"]
[SourceVersion "1"]
[SourceVersionDate "2015.10.08"]
[SourceQuality "1"]

1. c4 Nf6 2. Nc3 g6 3. d4 Bg7 4. e4 d6 5. Be2 0-0 6. Bg5 Nbd7 7. Qc2 e5 8. d5 a6 9. h4 Qe8 10. h5 Nc5 11. b4 Ncd7 12. Rc1 c6 13. dxc6 bxc6 14. Qa4 Bb7 15. Rd1 d5 16. cxd5 cxd5 17. Nxd5 Nxd5 18. exd5 Nf6 19. Qxe8 Rfxe8 20. hxg6 hxg6 21. Bc4 Rac8 22. Bb3 Red8 23. Nf3 Kf8 24. 0-0 e4 25. Ne5 Rc7 26. d6 Rc3 27. Bxf7 Rc2 28. Bb3 Rb2 29. Ng4 1-0

[Event "Omsk-ch"]
[Site "Omsk"]
[Date "2013.02.15"]
[Round "7"]
[White "Kislova, Valentina"]
[Black "Gabdullin, Oleg"]
[Result "1-0"]
[WhiteElo "2034"]
[BlackElo "1897"]
[PlyCount "44"]
[EventDate "2013.02.09"]
[EventType "swiss"]
[EventRounds "9"]
[EventCountry "RUS"]
[SourceTitle "CBM 153 Extra"]
[Source "ChessBase"]
[SourceDate "2013.04.22"]
[SourceVersion "1"]
[SourceVersionDate "2013.04.22"]
[SourceQuality "1"]

1. c4 e6 2. d4 Nf6 3. Nc3 d5 4. Nf3 Be7 5. e3 0-0 6. Bd3 dxc4 7. Bxc4 c5 8. 0-0 Nc6 9. dxc5 Bxc5 10. a3 Qe7 11. b4 Bb6 12. Bb2 Bc7 13. Nb5 Bb8 14. Nbd4 Bd7 15. Nb3 Rd8 16. Qc2 Be8 17. b5 Qc7 18. bxc6 Bxc6 19. Be5 Qe7 20. Nfd4 Bxe5 21. Bd3 h6 22. Rad1 Nd7 1-0

[Event "Omsk-ch"]
[Site "Omsk"]
[Date "2013.02.14"]
[Round "6"]
[White "Savostjanov, Igor"]
[Black "Kislova, Valentina"]
[Result "1-0"]
[WhiteElo "2081"]
[BlackElo "2034"]
[PlyCount "42"]
[EventDate "2013.02.09"]
[EventType "swiss"]
[EventRounds "9"]
[EventCountry "RUS"]
[SourceTitle "CBM 153 Extra"]
[Source "ChessBase"]
[SourceDate "2013.04.22"]
[SourceVersion "1"]
[SourceVersionDate "2013.04.22"]
[SourceQuality "1"]

1. e4 c6 2. c4 g6 3. Nc3 Bg7 4. d4 d6 5. f4 Qb6 6. Nge2 Bg4 7. b3 e5 8. Be3 exf4 9. Bxf4 Qd8 10. Qd2 Na6 11. h3 Bxe2 12. Bxe2 Nc7 13. 0-0 Ne6 14. Be3 Ne7 15. d5 cxd5 16. exd5 Nc5 17. Bd4 0-0 18. Bxg7 Kxg7 19. Qd4+ Kg8 20. Ne4 Nc8 21. Bg4 f5 1-0

[Event "Omsk-ch"]
[Site "Omsk"]
[Date "2013.02.13"]
[Round "5"]
[White "Kislova, Valentina"]
[Black "Vorvul, Sergey"]
[Result "1/2-1/2"]
[WhiteElo "2034"]
[BlackElo "1969"]
[PlyCount "88"]
[EventDate "2013.02.09"]
[EventType "swiss"]
[EventRounds "9"]
[EventCountry "RUS"]
[SourceTitle "CBM 153 Extra"]
[Source "ChessBase"]
[SourceDate "2013.04.22"]
[SourceVersion "1"]
[SourceVersionDate "2013.04.22"]
[SourceQuality "1"]

1. c4 Nf6 2. d4 e6 3. Nc3 Bb4 4. Bg5 c5 5. a3 Bxc3+ 6. bxc3 Qa5 7. Bd2 Ne4 8. f3 Nxd2 9. Qxd2 cxd4 10. cxd4 Nc6 11. e3 0-0 12. Bd3 Re8 13. Ne2 Qxd2+ 14. Kxd2 b6 15. Rab1 Ba6 16. Nc3 f5 17. f4 Rac8 18. Nb5 Na5 19. Rhc1 Bxb5 20. Rxb5 Rc7 21. Rc2 Rec8 22. c5 d6 23. cxb6 Rxc2+ 24. Bxc2 Nc4+ 25. Kd3 Nxb6 26. Bb3 d5 27. Rc5 Kf7 28. a4 Ke7 29. a5 Rxc5 30. dxc5 Nd7 31. Kd4 Nb8 32. Ba4 Na6 33. Bb5 Nc7 34. Bc6 Kf6 35. g3 h6 36. h4 g6 37. Ba4 Ke7 38. Bc6 Kf6 39. Ba4 Ke7 40. Ke5 Na6 41. c6 Nc7 42. Bd1 Ne8 43. Ba4 Nc7 44. Bc2 h5 1/2-1/2

[Event "Omsk-ch"]
[Site "Omsk"]
[Date "2013.02.11"]
[Round "3"]
[White "Kislova, Valentina"]
[Black "Lunga, Oleg"]
[Result "1-0"]
[WhiteElo "2034"]
[BlackElo "1766"]
[PlyCount "59"]
[EventDate "2013.02.09"]
[EventType "swiss"]
[EventRounds "9"]
[EventCountry "RUS"]
[SourceTitle "CBM 153 Extra"]
[Source "ChessBase"]
[SourceDate "2013.04.22"]
[SourceVersion "1"]
[SourceVersionDate "2013.04.22"]
[SourceQuality "1"]

1. c4 Nf6 2. Nc3 g6 3. d4 d5 4. cxd5 Nxd5 5. e4 Nxc3 6. bxc3 Bg7 7. Be3 c5 8. Qd2 Nc6 9. Nf3 cxd4 10. cxd4 Qc7 11. d5 Ne5 12. Nxe5 Bxe5 13. Rc1 Qb8 14. Bb5+ Kf8 15. f4 Bg7 16. e5 a6 17. Be2 b5 18. d6 exd6 19. Rxc8+ Qxc8 20. Qxd6+ Kg8 21. 0-0 h6 22. Bf3 Rb8 23. Bg4 Qb7 24. f5 Kh7 25. f6 Bf8 26. Qd4 g5 27. Bf5+ Kg8 28. e6 fxe6 29. Bxe6+ Kh7 30. Qd3+ 1-0

[Event "Omsk-ch"]
[Site "Omsk"]
[Date "2013.02.09"]
[Round "1"]
[White "Kislova, Valentina"]
[Black "Bereziy, Petr"]
[Result "1-0"]
[WhiteElo "2034"]
[BlackElo "1772"]
[PlyCount "69"]
[EventDate "2013.02.09"]
[EventType "swiss"]
[EventRounds "9"]
[EventCountry "RUS"]
[SourceTitle "CBM 153 Extra"]
[Source "ChessBase"]
[SourceDate "2013.04.22"]
[SourceVersion "1"]
[SourceVersionDate "2013.04.22"]
[SourceQuality "1"]

1. c4 Nf6 2. Nc3 g6 3. d4 Bg7 4. e4 d6 5. Be2 Nbd7 6. Bg5 c6 7. Qd2 0-0 8. h4 h5 9. f3 Nh7 10. Be3 e5 11. d5 cxd5 12. Nxd5 Re8 13. g3 Nc5 14. Nh3 Bxh3 15. Rxh3 Ne6 16. Kf2 f5 17. exf5 gxf5 18. f4 Nc5 19. Bxc5 dxc5 20. Bxh5 Re6 21. Re1 e4 22. Kg2 Bd4 23. b4 b6 24. bxc5 bxc5 25. Rb1 Rb8 26. Rhh1 Nf6 27. Nxf6+ Rxf6 28. Rb3 Rxb3 29. axb3 Rb6 30. Bd1 Rd6 31. Qe2 Bc3 32. Qh5 Qd7 33. Kh3 Bg7 34. Qe2 Bf6 35. Rg1 1-0

[Event "Omsk-ch"]
[Site "Omsk"]
[Date "2012.03.19"]
[Round "4"]
[White "Miroshnichenko, Yuri"]
[Black "Kislova, Valentina"]
[Result "0-1"]
[WhiteElo "1939"]
[BlackElo "2058"]
[PlyCount "33"]
[EventDate "2012.03.15"]
[EventType "swiss"]
[EventRounds "9"]
[EventCountry "RUS"]
[SourceTitle "EXT 2013"]
[Source "ChessBase"]
[SourceDate "2012.11.22"]
[SourceVersion "1"]
[SourceVersionDate "2012.11.22"]
[SourceQuality "1"]

1. d4 d5 2. c4 e6 3. Nc3 f5 4. g3 c6 5. cxd5 cxd5 6. Bg2 Nf6 7. Nf3 Bd6 8. 0-0 0-0 9. Ne5 Bxe5 10. dxe5 Ng4 11. Qd4 Re8 12. f4 Qb6 13. e3 Na6 14. a3 Nh6 15. b4 Nf7 16. Re1 Qxd4 17. exd4 0-1

[Event "Omsk op"]
[Site "Omsk"]
[Date "2012.02.11"]
[Round "9"]
[White "Glushakov, Andrey"]
[Black "Kislova, Valentina"]
[Result "1/2-1/2"]
[WhiteElo "1846"]
[BlackElo "2058"]
[PlyCount "39"]
[EventDate "2012.01.29"]
[EventType "swiss"]
[EventRounds "9"]
[EventCountry "RUS"]
[SourceTitle "EXT 2022"]
[Source "ChessBase"]
[SourceDate "2021.10.06"]
[SourceVersion "1"]
[SourceVersionDate "2021.10.06"]
[SourceQuality "1"]

1. e4 c6 2. d4 d5 3. Nc3 b5 4. a3 dxe4 5. Nxe4 Bf5 6. Ng3 Bg6 7. Nf3 e6 8. Bd3 Nd7 9. 0-0 Ngf6 10. Bg5 Be7 11. Re1 0-0 12. Bxg6 hxg6 13. Qe2 Re8 14. a4 b4 15. a5 c5 16. Red1 Qc7 17. Ne4 c4 18. c3 Rf8 19. Nxf6+ gxf6 20. Be3 1/2-1/2

[Event "Omsk op"]
[Site "Omsk"]
[Date "2012.02.07"]
[Round "6"]
[White "Kislova, Valentina"]
[Black "Manchenko, Vladimir"]
[Result "0-1"]
[WhiteElo "2058"]
[BlackElo "2053"]
[PlyCount "38"]
[EventDate "2012.01.29"]
[EventType "swiss"]
[EventRounds "9"]
[EventCountry "RUS"]
[SourceTitle "EXT 2022"]
[Source "ChessBase"]
[SourceDate "2021.10.06"]
[SourceVersion "1"]
[SourceVersionDate "2021.10.06"]
[SourceQuality "1"]

1. c4 e5 2. Nc3 Nc6 3. g3 g6 4. Bg2 Bg7 5. d3 d6 6. Nf3 Nh6 7. 0-0 0-0 8. a3 a5 9. Rb1 f5 10. Bg5 Qd7 11. Nd5 Rf7 12. Bd2 Ne7 13. e4 Ra6 14. Nxe7+ Qxe7 15. b4 axb4 16. axb4 Be6 17. b5 Ra3 18. Bb4 Ra8 19. Qc2 f4 0-1

[Event "Omsk op"]
[Site "Omsk"]
[Date "2012.02.04"]
[Round "4"]
[White "Kislova, Valentina"]
[Black "Borisov, Sergey M"]
[Result "0-1"]
[WhiteElo "2058"]
[BlackElo "2051"]
[PlyCount "30"]
[EventDate "2012.01.29"]
[EventType "swiss"]
[EventRounds "9"]
[EventCountry "RUS"]
[SourceTitle "EXT 2022"]
[Source "ChessBase"]
[SourceDate "2021.10.06"]
[SourceVersion "1"]
[SourceVersionDate "2021.10.06"]
[SourceQuality "1"]

1. c4 Nf6 2. Nc3 e6 3. e4 c5 4. Nf3 Nc6 5. d4 cxd4 6. Nxd4 Bb4 7. Nxc6 bxc6 8. Bg5 h6 9. Bxf6 Qxf6 10. Rc1 Rb8 11. Qe2 0-0 12. a3 Bxc3+ 13. Rxc3 d5 14. e5 Qg5 15. Re3 d4 0-1

[Event "Omsk Half CC op"]
[Site "Omsk"]
[Date "2009.??.??"]
[Round "6"]
[White "Kislova, Valentina"]
[Black "Nevorotov, Boris"]
[Result "1-0"]
[WhiteElo "2091"]
[BlackElo "1996"]
[PlyCount "35"]
[EventDate "2009.??.??"]
[EventType "swiss"]
[EventRounds "9"]
[EventCountry "RUS"]
[SourceTitle "EXT 2011"]
[Source "ChessBase"]
[SourceDate "2010.11.26"]
[SourceVersion "1"]
[SourceVersionDate "2010.11.26"]
[SourceQuality "1"]

1. d4 d6 2. c4 g6 3. Nc3 Bg7 4. e4 Nd7 5. Nf3 c5 6. d5 a6 7. a4 Ne5 8. Nxe5 Bxe5 9. Be2 Rb8 10. 0-0 Bd7 11. Qc2 Qc8 12. Kh1 h5 13. Be3 Kf8 14. f4 Bf6 15. Bd3 Nh6 16. Rae1 Ng4 17. Bc1 Kg7 18. h3 1-0

[Event "RUS-Cup3"]
[Site "Omsk"]
[Date "1996.??.??"]
[Round "5"]
[White "Kislova, Valentina"]
[Black "Minasian, Ara"]
[Result "0-1"]
[WhiteElo "2135"]
[BlackElo "2425"]
[PlyCount "87"]
[EventDate "1996.12.13"]
[EventType "swiss"]
[EventRounds "9"]
[EventCountry "RUS"]
[SourceTitle "CBM 057"]
[Source "ChessBase"]
[SourceDate "1997.04.01"]
[SourceVersion "1"]
[SourceVersionDate "1997.04.01"]
[SourceQuality "1"]

1. c4 b6 2. d4 Bb7 3. Nc3 e6 4. a3 f5 5. Nf3 Nf6 6. g3 Ne4 7. Nxe4 fxe4 8. Nh4 Be7 9. Ng2 0-0 10. Ne3 Qe8 11. Bg2 d5 12. 0-0 Nd7 13. Bh3 Rf6 14. cxd5 exd5 15. Qb3 c6 16. Bg2 Kh8 17. f4 exf3 18. exf3 Rf7 19. Rd1 Nf6 20. Nf1 Bd6 21. Bg5 h6 22. Be3 Re7 23. Bf2 Qg6 24. Rd2 c5 25. Rc1 c4 26. Qc2 Qxc2 27. Rcxc2 Rae8 28. Bh3 g6 29. Kg2 b5 30. Kg1 a5 31. Rc1 Bc6 32. Rdd1 b4 33. axb4 Bxb4 34. Ra1 Re2 35. Rdb1 a4 36. g4 a3 37. bxa3 Bc3 38. a4 Bxa1 39. Rxa1 c3 40. a5 c2 41. a6 Ra8 42. a7 Rxa7 43. Rxa7 c1Q 44. Rc7 0-1

[Event "RUS-Cup3"]
[Site "Omsk"]
[Date "1996.??.??"]
[Round "6"]
[White "Lykov, Vasili"]
[Black "Kislova, Valentina"]
[Result "1-0"]
[WhiteElo "2260"]
[BlackElo "2135"]
[PlyCount "75"]
[EventDate "1996.12.13"]
[EventType "swiss"]
[EventRounds "9"]
[EventCountry "RUS"]
[SourceTitle "CBM 057"]
[Source "ChessBase"]
[SourceDate "1997.04.01"]
[SourceVersion "1"]
[SourceVersionDate "1997.04.01"]
[SourceQuality "1"]

1. e4 c6 2. d4 g6 3. Nc3 Bg7 4. f4 d5 5. e5 h5 6. Be3 Nh6 7. Qd2 Ng4 8. Nf3 Nxe3 9. Qxe3 Bf5 10. 0-0-0 e6 11. h3 h4 12. Bd3 Bf8 13. Kb1 Qa5 14. Ne2 b5 15. Ng5 Nd7 16. g4 hxg3 17. Nxg3 c5 18. Bxf5 cxd4 19. Rxd4 gxf5 20. Nxf5 Bc5 21. Nd6+ Ke7 22. f5 Bxd4 23. Qxd4 Qb6 24. f6+ Nxf6 25. Qf4 Rh6 26. Ndxf7 Rg6 27. Qb4+ Ke8 28. exf6 Rxf6 29. Re1 Rb8 30. Qg4 Ke7 31. Qb4+ Ke8 32. a3 a5 33. Qh4 b4 34. Qh8+ Ke7 35. Qg7 bxa3 36. Ne5+ Kd6 37. Qd7+ Kc5 38. Nd3+ 1-0